|
|
|
|
| LEADER |
00849nas a2200205 i 4500 |
| 001 |
acta42290 |
| 005 |
20260224081030.0 |
| 008 |
170523s2010 hu o 000 hun d |
| 022 |
|
|
|a 1417-3875
|
| 040 |
|
|
|a SZTE Egyetemi Kiadványok Repozitórium
|b hun
|
| 041 |
|
|
|a hun
|
| 100 |
1 |
|
|a Saker Samir H.
|
| 245 |
1 |
3 |
|a On the oscillatory behavior for a certain class of third order nonlinear delay difference equations
|h [elektronikus dokumentum] /
|c Saker Samir H.
|
| 260 |
|
|
|c 2010
|
| 300 |
|
|
|a 1-16
|
| 490 |
0 |
|
|a Electronic journal of qualitative theory of differential equations
|
| 695 |
|
|
|a Oszcilláció, Harmadrendű nemlineáris késleltetett differenciálegyenlet, Riccati transzformáció
|
| 700 |
0 |
1 |
|a Alzabut Jehad O.
|e aut
|
| 700 |
0 |
1 |
|a Mukheimer A.
|e aut
|
| 856 |
4 |
0 |
|u http://acta.bibl.u-szeged.hu/42290/1/ejqtde_2010_067_001-016.pdf
|z Dokumentum-elérés
|